| 000 | 01088nam0a22002411 4500 | ||
|---|---|---|---|
| 001 | rc\280970 | ||
| 005 | 20260407123538.0 | ||
| 035 | _a(NLR Aleph) 005508174 | ||
| 090 |
_a5377696 _c5377696 |
||
| 100 | _a20030307d1990 |||y0rusy50 ca | ||
| 101 | 0 | _arus | |
| 102 | _aRU | ||
| 105 | _ay ||||||||| | ||
| 200 | 1 |
_aОСОБЕННОСТИ диагностики и дифференциальной диагностики диссеминированных процессов в легких специфической и неспецифической этиологии _eМетод. рекомендации _fМ-во здравоохранения УзССР _g[Сост.: Аун В.Ю. к. м. н. и др.] |
|
| 210 |
_aТашкент _cБ. и. _d1990 |
||
| 215 |
_a18 с. _d20 |
||
| 702 | 1 |
_aАун _bВ.Ю. _gВалерия Юрьевна _4220 |
|
| 712 | 0 | 2 |
_aКлиническая больница Минздрава УзCCР _cТашкент _3RU\NLR\AUTH\889962956 _9422207 |
| 801 | 0 |
_aRU _bNLR _gpsbo |
|
| 801 | 1 |
_aRU _bELAR _2rusmarc |
|
| 852 |
_aNLR _j91-4/6307 |
||
| 942 | _cBOOK | ||
| 980 | _aNB | ||